00556cam a22001577a 4500008004000000020001500040082001900055100001700074245007700091260004000168300001000208650003700218650003400255999001900289952009000308180718b2005 xxu||||| |||| 00| 0 eng d a0195667255 aB131x5444 N143 aNair, Janaki aPromise of the metropolis: Bangalore's twentieth centurycby Janaki Nair aNew DelhibOxford Univ. Pressc2005 a454p. aUrbanization - India - Bangalore aBangalore - Social conditions c403596d403596 00104070aIIPAbIIPAd2005-03-28oB131x5444 N143p80018r2018-07-21w2018-07-21yBK